000 00915nam a22002297a 4500
003 BD-DhUL
005 20161121100746.0
008 160818s1420 ii ||||| |||| 00| 0 eng d
020 _a9789383368525
040 _aBD-DhUL
_cBD-DhUL
082 _a891.4417
_bKUP
100 1 _aকুণ্ডু, পুরীপ্রিয়া
245 1 0 _aপুথিঁবিদ্যার প্রাথমিক ধারণা /
_cপুরীপ্রিয়া কুণ্ডু
250 _a১ম সং.
260 _aকলকাতা :
_bসংস্কৃত পুস্তক ভাণ্ডার,
_c১৪২০।
300 _a[১২], ৭২ পৃ. ;
_c২১ সেমি.
365 _aIRS
_b60.00
504 _aগ্রন্থপঞ্জিগত তথ্য সংবলিত
650 0 _aপুথিঁ সাহিত্য
650 0 _aputhi literature
942 _2ddc
_cBK
999 _c99494
_d99494